Statistics for Simple Norwegian Words #1

Click here to take the quiz!

General Stats

  • This quiz has been taken 188 times
  • The average score is 13 of 15

Answer Stats

NorwegianEnglish% Correct
MannMan
99%
NeiNo
99%
JaYes
99%
BrødBread
95%
KattCat
95%
HundDog
95%
JegI
95%
TakkThanks
94%
OgAnd
92%
KvinneWoman
91%
JenteGirl
89%
GuttBoy
88%
HestHorse
74%
KoppCup
66%
SmorbrødSandwich
62%

Score Distribution

Percentile by Number Answered

Percent of People with Each Score

Your Score History

You have not taken this quiz